| 000 | 00859nam a2200229 a 4500 | ||
|---|---|---|---|
| 001 | 72009 | ||
| 003 | BD-RjUL | ||
| 005 | 20211209082211.0 | ||
| 008 | 170511r19691968nyua b 000 0 eng | ||
| 035 | _a(BD-RjUL)72225 | ||
| 040 |
_aDLC _cDLC _dDLC _beng |
||
| 041 | _aeng | ||
| 082 | 0 | 0 |
_223 _a540 _bKAI 1969 |
| 100 | 1 |
_aKass, Gerard A. _9212987 |
|
| 245 | 1 | 0 |
_aIndividual study program in chemistry / _c Gerard A. Kass. |
| 260 |
_aNew York : _bW. A. Benjamin, _c1968 [reprinted 1969] |
||
| 300 |
_av. : _bill. ; _c23 cm. |
||
| 504 | _aIncludes bibliographical references. | ||
| 505 | 1 | _av. 1. The atom.--v. 2. The chemical bond.--v. 3. The forces that drive chemical reactions.--v. 4. Kinetics and equilibrium.--v. 5. Acid-base chemistry.--v. 6. Redox and electro-chemistry.--v. 7. Problems in chemistry. | |
| 650 | 0 |
_aChemistry. _9212988 |
|
| 942 |
_2ddc _cBK |
||
| 999 |
_c72009 _d72009 |
||